Biblioteka Instytutu Północnego w Olsztynie

Widok standardowy Widok MARC

Pozycja Personal Name

Liczba rekordów, w których użyto hasła: 1

001 - Numer kontrolny

  • control field: 40990

003 - Identyfikator numeru kontrolnego

  • control field: NUKAT

005 - Data i czas ostatniej modyfikacji

  • control field: 20260430110456.0

008 - Dane kontrolne kodowane (40 znaków)

  • fixed length control field: 011218n||a|znnaabn |a aaa |c

010 ## - Numer kontrolny Biblioteki Kongresu

  • numer kontrolny LC: n 01066004

040 ## - Instytucja sporządzająca rekord

  • inst. przygot. dane do rek. khw: WA M/BA
  • język haseł przedmiotowych/tezaurus: kaba
  • inst. wprow. rek. khw: WA M/BA
  • inst. modyf. rek. khw: KR U/HW

100 1# - Hasło - nazwa osobowa

  • nazwa osobowa w formie ujednoliconej: Ruzikowski, Tadeusz
  • daty biograficzne: (1975- ).

670 ## - Źródło informacji

  • źródło informacji: Kp. Przebudować człowieka : komunistyczne wysiłki zmiany mentalności / pod red. Marcina Kuli. - Warszawa, 2001.
  • gdzie znaleziono informację: Współaut.

670 ## - Źródło informacji

  • źródło informacji: PRL - trwanie i zmiana / pod red. nauk. Dariusza Stoli i Marcina Zaremby. - Warszawa, 2003.
  • gdzie znaleziono informację: Biogram
Biblioteka Instytutu Północnego, ul. Partyzantów 87, 10-402 Olsztyn, email: biblioteka(at)ip.olsztyn.pl